[Event "Mid Bohemia Region-chT 2223"]
[Site "Czech Republic"]
[Date "2023.04.02"]
[Round "11.2"]
[White "Zahorbensky, Jaroslav"]
[Black "Kryspin, Libor"]
[Result "1/2-1/2"]
[WhiteElo "2072"]
[BlackElo "2061"]
[PlyCount "35"]
[EventDate "2022.10.09"]
[EventType "team-tourn"]
[EventRounds "11"]
[EventCountry "CZE"]
[SourceTitle "EXT 2024"]
[Source "ChessBase"]
[SourceDate "2023.10.10"]
[SourceVersion "1"]
[SourceVersionDate "2023.10.10"]
[SourceQuality "1"]
[WhiteTeam "Bakov nad Jizerou II"]
[BlackTeam "Mlada Boleslav Skoda"]
[WhiteTeamCountry "CZE"]
[BlackTeamCountry "CZE"]

1. e4 e5 2. Bc4 Nf6 3. Nc3 Nxe4 4. Qh5 Nd6 5. Qxe5+ Qe7 6. Qxe7+ Bxe7 7. Bb3 Nc6 8. Nf3 0-0 9. Nd5 Bd8 10. d4 Re8+ 11. Be3 Nf5 12. 0-0-0 Na5 13. Bf4 Nxb3+ 14. axb3 d6 15. Rhe1 Be6 16. Ne3 Nxe3 17. Rxe3 Bd7 18. Rxe8+ 1/2-1/2

[Event "Mid Bohemia Region-chT 2223"]
[Site "Czech Republic"]
[Date "2023.01.15"]
[Round "6.1"]
[White "Kryspin, Libor"]
[Black "Hora, Milan"]
[Result "1/2-1/2"]
[WhiteElo "2061"]
[BlackElo "2142"]
[PlyCount "41"]
[EventDate "2022.10.09"]
[EventType "team-tourn"]
[EventRounds "11"]
[EventCountry "CZE"]
[SourceTitle "EXT 2024"]
[Source "ChessBase"]
[SourceDate "2023.10.10"]
[SourceVersion "1"]
[SourceVersionDate "2023.10.10"]
[SourceQuality "1"]
[WhiteTeam "Mlada Boleslav Skoda"]
[BlackTeam "Nymburk Sokol"]
[WhiteTeamCountry "CZE"]
[BlackTeamCountry "CZE"]

1. b4 c5 2. bxc5 e5 3. Bb2 Nc6 4. e3 Bxc5 5. Nf3 d6 6. d4 Bb4+ 7. Nbd2 Nf6 8. c3 Ba5 9. Nc4 exd4 10. Nxa5 Qxa5 11. Nxd4 0-0 12. Be2 Ne5 13. 0-0 Bd7 14. Qb3 Rfc8 15. Rac1 d5 16. c4 dxc4 17. Bxc4 Nxc4 18. Rxc4 Rxc4 19. Qxc4 Rc8 20. Qb3 Qd5 21. Rd1 1/2-1/2

[Event "Mid Bohemia Region-chT 2223"]
[Site "Czech Republic"]
[Date "2022.11.27"]
[Round "4.1"]
[White "Kryspin, Libor"]
[Black "Feierfeil, Jiri"]
[Result "1-0"]
[WhiteElo "2061"]
[BlackElo "1697"]
[PlyCount "55"]
[EventDate "2022.10.09"]
[EventType "team-tourn"]
[EventRounds "11"]
[EventCountry "CZE"]
[SourceTitle "EXT 2024"]
[Source "ChessBase"]
[SourceDate "2023.10.10"]
[SourceVersion "1"]
[SourceVersionDate "2023.10.10"]
[SourceQuality "1"]
[WhiteTeam "Mlada Boleslav Skoda"]
[BlackTeam "Brodce"]
[WhiteTeamCountry "CZE"]
[BlackTeamCountry "CZE"]

1. b4 d5 2. Bb2 Nf6 3. e3 e6 4. b5 c5 5. c4 dxc4 6. Bxc4 Be7 7. f4 Nbd7 8. Nf3 Nb6 9. Be2 0-0 10. 0-0 Nbd5 11. Ne5 Ne4 12. Qc2 f5 13. Rf3 Qb6 14. a4 Nef6 15. Na3 Nd7 16. Nac4 Qd8 17. Rh3 N5f6 18. Qb3 Nxe5 19. Bxe5 Nd5 20. Bb2 Bf6 21. Ne5 Qe7 22. Bf3 Rd8 23. Rc1 Nb4 24. d4 Bxe5 25. fxe5 Nd5 26. Rxc5 b6 27. Rxd5 Rf8 28. Ba3 1-0

[Event "Mid Bohemia Region-chT 2223"]
[Site "Czech Republic"]
[Date "2022.11.13"]
[Round "3.2"]
[White "Kryspin, Libor"]
[Black "Hrdina, Robin"]
[Result "0-1"]
[WhiteElo "2061"]
[BlackElo "2148"]
[PlyCount "50"]
[EventDate "2022.10.09"]
[EventType "team-tourn"]
[EventRounds "11"]
[EventCountry "CZE"]
[SourceTitle "EXT 2024"]
[Source "ChessBase"]
[SourceDate "2023.10.10"]
[SourceVersion "1"]
[SourceVersionDate "2023.10.10"]
[SourceQuality "1"]
[WhiteTeam "Mlada Boleslav Skoda"]
[BlackTeam "Vlasim II"]
[WhiteTeamCountry "CZE"]
[BlackTeamCountry "CZE"]

1. b4 d5 2. Bb2 e6 3. e3 Nf6 4. a3 Be7 5. f4 Nbd7 6. Nf3 c5 7. b5 0-0 8. Be2 a6 9. Nc3 Ne4 10. 0-0 Nxc3 11. Bxc3 axb5 12. Bxb5 c4 13. a4 Nc5 14. d3 cxd3 15. cxd3 Bd7 16. Bxd7 Qxd7 17. Ne5 Qc7 18. Bb4 f6 19. Nf3 Rfc8 20. Bxc5 Bxc5 21. d4 Bd6 22. Qb3 Qd7 23. Rfb1 Rc4 24. Qxb7 Rc1+ 25. Kf2 Qxb7 0-1

[Event "Mid Bohemia Region-chT 2223"]
[Site "Czech Republic"]
[Date "2022.10.30"]
[Round "2.2"]
[White "Vrabec, Milos"]
[Black "Kryspin, Libor"]
[Result "1/2-1/2"]
[WhiteElo "2107"]
[BlackElo "2061"]
[PlyCount "156"]
[EventDate "2022.10.09"]
[EventType "team-tourn"]
[EventRounds "11"]
[EventCountry "CZE"]
[SourceTitle "EXT 2024"]
[Source "ChessBase"]
[SourceDate "2023.10.10"]
[SourceVersion "1"]
[SourceVersionDate "2023.10.10"]
[SourceQuality "1"]
[WhiteTeam "Kostelec nad CL"]
[BlackTeam "Mlada Boleslav Skoda"]
[WhiteTeamCountry "CZE"]
[BlackTeamCountry "CZE"]

1. e4 a6 2. d4 b5 3. Nf3 Bb7 4. Bd3 e6 5. 0-0 Nf6 6. Re1 Be7 7. c3 c5 8. Nbd2 d6 9. a4 c4 10. Bc2 Nbd7 11. Nf1 0-0 12. Ng3 Qc7 13. Bf4 e5 14. Nf5 Rfe8 15. Nxe7+ Rxe7 16. dxe5 dxe5 17. Bg5 Re6 18. axb5 axb5 19. Rxa8+ Bxa8 20. Nd2 h6 21. Be3 Rd6 22. Qa1 Bb7 23. Qa3 Ng4 24. Nf1 Nxe3 25. Nxe3 Nc5 26. Nf1 Qb6 27. Qa1 b4 28. cxb4 Qxb4 29. Qc1 Nd3 30. Bxd3 cxd3 31. Qc3 Rb6 32. Qxd3 Qxe1 33. Qd8+ Kh7 34. Qxb6 Bxe4 35. f3 Bd3 36. Qf2 Qb1 37. g4 g6 38. Kg2 Bxf1+ 39. Qxf1 Qxb2+ 40. Kg3 Kg7 41. Qd3 Qd4 42. Qe2 Qf4+ 43. Kg2 h5 44. gxh5 Qg5+ 45. Kh3 Qxh5+ 46. Kg2 Qg5+ 47. Kh3 Qf4 48. Kg2 Kh6 49. Qd3 Kh5 50. Qd5 Kh4 51. Qd3 f5 52. Kh1 Qd4 53. Qa6 Qf2 54. Qd3 f4 55. Qd1 Kh5 56. Qd3 Qe3 57. Qd5 Kh6 58. Kg2 Qd4 59. Qa8 Kg5 60. Qb7 Qd2+ 61. Kg1 Qd6 62. Kg2 Kf6 63. Qa8 Kg7 64. Qb7+ Kh6 65. Qa8 Qf6 66. Kf2 Kh7 67. Kg2 g5 68. Qb7+ Kh6 69. Qc8 Kg6 70. Qg8+ Qg7 71. Qe6+ Kh7 72. Qf5+ Kh6 73. Qe6+ Kh5 74. Qh3+ Kg6 75. Qe6+ Qf6 76. Qg8+ Kh6 77. Qe8 Qg7 78. Qe6+ Kh7 1/2-1/2

[Event "CZE-chT2C 2122"]
[Site "Czech Republic"]
[Date "2022.02.13"]
[Round "8.5"]
[White "Kryspin, Libor"]
[Black "Starek, Stanislav"]
[Result "0-1"]
[WhiteElo "2066"]
[BlackElo "2198"]
[PlyCount "42"]
[EventDate "2021.10.17"]
[EventType "team-tourn"]
[EventRounds "11"]
[EventCountry "CZE"]
[SourceTitle "EXT 2025"]
[Source "ChessBase"]
[SourceDate "2024.10.14"]
[SourceVersion "1"]
[SourceVersionDate "2024.10.14"]
[SourceQuality "1"]
[WhiteTeam "Bakov nad Jizerou"]
[BlackTeam "Ricany Betsys II"]
[WhiteTeamCountry "CZE"]
[BlackTeamCountry "CZE"]

1. b4 c6 2. c4 d5 3. e3 e5 4. Qb3 Nf6 5. Nf3 Bd6 6. Bb2 Qe7 7. c5 Bc7 8. Be2 0-0 9. h3 Nbd7 10. d4 Ne4 11. Nc3 f5 12. Rd1 Nxc3 13. Bxc3 e4 14. Nd2 f4 15. exf4 Bxf4 16. g3 Bc7 17. Nf1 e3 18. fxe3 Nf6 19. Bd3 Ne4 20. Bxe4 Qxe4 21. Rh2 Bxh3 0-1

[Event "CZE-chT2B 1718"]
[Site "Czech Republic"]
[Date "2018.02.11"]
[Round "8.4"]
[White "Kawulok, Marek"]
[Black "Kryspin, Libor"]
[Result "1-0"]
[WhiteElo "2172"]
[BlackElo "2068"]
[PlyCount "95"]
[EventDate "2017.10.15"]
[EventType "team-tourn"]
[EventRounds "11"]
[EventCountry "CZE"]
[SourceTitle "EXT 2022"]
[Source "ChessBase"]
[SourceDate "2021.10.06"]
[SourceVersion "1"]
[SourceVersionDate "2021.10.06"]
[SourceQuality "1"]
[WhiteTeam "Neratovice III"]
[BlackTeam "Bakov nad Jizerou"]
[WhiteTeamCountry "CZE"]
[BlackTeamCountry "CZE"]

1. d4 d5 2. c4 e6 3. Nf3 c6 4. g3 Bd6 5. Qc2 f5 6. Bg2 Nf6 7. 0-0 0-0 8. b3 Ne4 9. Ba3 Nd7 10. Bxd6 Nxd6 11. Nbd2 Qe8 12. b4 Rf6 13. e3 Rh6 14. a4 Nf6 15. b5 Bd7 16. Ne5 Ng4 17. Nxd7 Qxd7 18. bxc6 bxc6 19. h3 Nf6 20. c5 Nf7 21. Nf3 Ne4 22. Rfb1 Neg5 23. Nxg5 Nxg5 24. h4 Ne4 25. Qb2 Rf6 26. Qb7 Qe8 27. Qc7 Rf7 28. Qe5 Nd2 29. Rb4 Nc4 30. Qf4 e5 31. dxe5 Qxe5 32. Rd1 Qxf4 33. gxf4 Kf8 34. Rxd5 Na5 35. Rd6 Rc8 36. h5 Nb7 37. Rxc6 Rxc6 38. Bxc6 Nxc5 39. Rb5 Ne4 40. Rb8+ Ke7 41. Rb7+ Kf6 42. Rxf7+ Kxf7 43. Bxe4 fxe4 44. f3 exf3 45. Kf2 Kf6 46. Kxf3 g5 47. hxg6 hxg6 48. Kg4 1-0

[Event "CZE-chT2C 1011"]
[Site "Czech Republic"]
[Date "2011.01.09"]
[Round "5.6"]
[White "Kryspin, Libor"]
[Black "Duenzel, Jonas"]
[Result "0-1"]
[WhiteElo "2071"]
[BlackElo "2117"]
[PlyCount "70"]
[EventDate "2010.10.17"]
[EventType "team-tourn"]
[EventRounds "11"]
[EventCountry "CZE"]
[SourceTitle "EXT 2012"]
[Source "ChessBase"]
[SourceDate "2011.11.24"]
[SourceVersion "1"]
[SourceVersionDate "2011.11.24"]
[SourceQuality "1"]
[WhiteTeam "Bakov nad Jizerou"]
[BlackTeam "Turnov Zikuda II"]
[WhiteTeamCountry "CZE"]
[BlackTeamCountry "CZE"]

1. e4 c5 2. Nc3 Nc6 3. f4 g6 4. Nf3 Bg7 5. Bc4 e6 6. 0-0 Nge7 7. d3 d5 8. Bb5 0-0 9. Bxc6 Nxc6 10. Bd2 dxe4 11. dxe4 Nd4 12. Kh1 b6 13. Nxd4 cxd4 14. Ne2 d3 15. Nc3 Bb7 16. cxd3 Qxd3 17. Rf3 Qc4 18. Qe1 f5 19. Rh3 fxe4 20. Qh4 h5 21. Qg5 Rf6 22. Nb5 Qd5 23. Bc3 Qxg5 24. fxg5 Rf2 25. Re3 Rd8 26. Kg1 Rf5 27. Nc7 Bxc3 28. bxc3 Kf7 29. Rb1 Rd3 30. Re2 e3 31. h4 Rd2 32. Rbe1 Rxe2 33. Rxe2 Rc5 34. Nxe6 Kxe6 35. Rxe3+ Re5 0-1

[Event "Czechia KP-chTA 0607"]
[Site "Czech Republic"]
[Date "2007.03.04"]
[Round "9.3"]
[White "Zeman, Martin"]
[Black "Kryspin, Libor"]
[Result "0-1"]
[WhiteElo "1966"]
[BlackElo "2046"]
[PlyCount "78"]
[EventDate "2006.10.29"]
[EventType "team-tourn"]
[EventRounds "11"]
[EventCountry "CZE"]
[SourceTitle "EXT 2008"]
[Source "ChessBase"]
[SourceDate "2007.11.25"]
[SourceVersion "1"]
[SourceVersionDate "2007.11.25"]
[SourceQuality "1"]
[WhiteTeam "Pribram II"]
[BlackTeam "AS MB"]
[WhiteTeamCountry "CZE"]
[BlackTeamCountry "CZE"]

1. e4 e5 2. Nf3 Nc6 3. Bb5 Bc5 4. 0-0 Nd4 5. Bc4 d6 6. Nxd4 Bxd4 7. c3 Bb6 8. d4 Qe7 9. Kh1 Nf6 10. f3 Bd7 11. Na3 h6 12. Nc2 0-0 13. Qd3 c6 14. Ne3 Rad8 15. b3 Bc8 16. d5 Nh5 17. g3 Nf6 18. a4 a5 19. Ra2 Rfe8 20. b4 Nh7 21. b5 Bxe3 22. Bxe3 c5 23. b6 Bd7 24. Bb5 Ra8 25. Bxd7 Qxd7 26. Qb5 Qd8 27. c4 Ra6 28. Bd2 Qa8 29. Rb1 Rd8 30. Qb3 Qc8 31. Qe3 Rf8 32. Rb5 Qh3 33. Kg1 f5 34. Qe2 fxe4 35. fxe4 Nf6 36. Ra1 Ng4 37. Be3 Raa8 38. Qd2 Rf3 39. Re1 Nxe3 0-1

[Event "Czechia KP-chTA 0607"]
[Site "Czech Republic"]
[Date "2006.11.26"]
[Round "3.4"]
[White "Novotny, Roman"]
[Black "Kryspin, Libor"]
[Result "1-0"]
[WhiteElo "2034"]
[BlackElo "2046"]
[PlyCount "63"]
[EventDate "2006.10.29"]
[EventType "team-tourn"]
[EventRounds "11"]
[EventCountry "CZE"]
[SourceTitle "EXT 2008"]
[Source "ChessBase"]
[SourceDate "2007.11.25"]
[SourceVersion "1"]
[SourceVersionDate "2007.11.25"]
[SourceQuality "1"]
[WhiteTeam "Emerge MB B"]
[BlackTeam "AS MB"]
[WhiteTeamCountry "CZE"]
[BlackTeamCountry "CZE"]

1. d4 d5 2. c4 e6 3. Nc3 f5 4. Nf3 Nf6 5. Bf4 c6 6. e3 Be7 7. h3 0-0 8. Bd3 Ne4 9. Qc2 Nd7 10. g4 Ndf6 11. Ne5 Nxc3 12. bxc3 Ne4 13. 0-0 Bf6 14. f3 Bxe5 15. Bxe5 Nd6 16. c5 Nf7 17. Bg3 Qf6 18. e4 f4 19. Bf2 Ng5 20. Kg2 dxe4 21. Bxe4 Nxe4 22. Qxe4 g5 23. Rab1 Rf7 24. h4 h6 25. hxg5 hxg5 26. Rh1 Rg7 27. Rh5 Qg6 28. Qxg6 Rxg6 29. Rbh1 Kf7 30. Rh8 b5 31. Rd8 Ke7 32. Rhh8 1-0